LEADER 01080nam--2200313---4500 001 990000617570203316 035 $a0061757 035 $aUSA010061757 035 $a(ALEPH)000061757USA01 035 $a0061757 100 $a20010910d1756----km-y0ENGy0103----ba 101 $aita 102 $aIT 200 1 $aDissertazione istorico-legali su l'antichità sito ed ampiezza della nostra Liburia Ducale (...) In risposta a quanto si è scritto ... 210 $aNapoli$cSt.$d1756 215 $aCCXI, p.$d24 cm 300 $aIl nome dell'autore si legge a pagina CCXIX 410 $12001 700 1$aFRANCHI,$bCarlo$0180091 801 0$aIT$bsalbc$gISBD 912 $a990000617570203316 951 $aFV C 2 3 21$b2750$cFV C 2 3 959 $aBK 969 $aF.VENTIMIGLIA 979 $aPATTY$b90$c20010910$lUSA01$h1513 979 $c20020403$lUSA01$h1711 979 $aPATRY$b90$c20040406$lUSA01$h1643 996 $aDissertazione istorico-legali su l'antichità sito ed ampiezza della nostra Liburia Ducale (...) In risposta a quanto si è scritto ..$9956871 997 $aUNISA LEADER 01133cam--2200361---450 001 990002240950203316 005 20240410110633.0 035 $a000224095 035 $aUSA01000224095 035 $a(ALEPH)000224095USA01 035 $a000224095 100 $a20041206d1958----km-y0itay5003----ba 101 0 $aita 102 $aIT 105 $a||||||||001yy 200 1 $a<> cambiale e l'assegno$emanuale pratico con formulario e tabelle$etariffe di bollo, calcolo degli interessi, norme per il ricupero dei crediti$fMario Levi 205 $a5. ed 210 $aMilano$cL. di G. Pirola$d1958 215 $a204 p.$d17 cm 606 0 $aCambiali$2BNCF 606 0 $aAssegni bancari$2BNCF 676 $a332.7 700 1$aLEVI,$bMario$f<1912-1980>$0733487 801 0$aIT$bsalbc$gISBD 912 $a990002240950203316 951 $aXXV.3.L. 60 (IG II 73)$b1077 G.$cXXV.3.$d00240962 959 $aBK 969 $aGIU 979 $aSIAV6$b10$c20041206$lUSA01$h1148 979 $aRSIAV4$b90$c20090720$lUSA01$h1455 979 $aRSIAV2$b90$c20101220$lUSA01$h1111 996 $aCambiale e l'assegno$94150274 997 $aUNISA